Statystyki dla Z jakiej okazji kobiety dostają kwiaty?

Kliknij tutaj aby rozwiązać quiz!

Ogólne statystyki

  • Ten quiz został rozwiązany 1 052 razy
    (886 od ostatniego zresetowania)
  • Średni wynik to 7 z 14

Statystyki odpowiedzi

% Poprawnych
1Urodziny
97%
2Imieniny
93%
3Dzień kobiet
90%
14Walentynki
73%
4Rocznica
66%
12Ślub
60%
5Dzień matki
54%
8Bez okazji
52%
9Dzień babci
44%
6Na przeprosiny
36%
7W podziękowaniu
12%
10Gratulacje
6%
11Pożegnanie
5%
13Na poprawę humoru
3%

Rozkład punktacji

Percentyl według liczby udzielonych odpowiedzi

Procent ludzi z każdym wynikiem

Twoja historia wyników

Nie rozwiązałeś tego quizu od ostatniego zresetowania